| 000 | 00673nam a22002057a 4500 | ||
|---|---|---|---|
| 005 | 20240830111901.0 | ||
| 008 | 240731b |||||||| |||| 00| 0 eng d | ||
| 020 | _cRs.200.00 | ||
| 040 | _aLoreto College | ||
| 041 | _aEnglish | ||
| 082 |
_a340.0954 (BA) _bPRO |
||
| 245 |
_aThe protection of women from domestic violence act, 2005 _bWith the protection of women from domestic violence rules, 2006 _cEdited by Kamal Kumar |
||
| 260 |
_aKolkata _bKamal Law House _c2023 |
||
| 300 |
_a112p. _b23cm. |
||
| 650 |
_aBare acts _zIndia |
||
| 650 | _aThe protection of women from domestic violence act, 2005 | ||
| 700 |
_4ed. _aKumar, Kamal |
||
| 850 | _aLCLIB | ||
| 942 | _cBK | ||
| 999 |
_c43842 _d94321 |
||